| 000 | 00810nam a22002297a 4500 | ||
|---|---|---|---|
| 999 |
_c18056 _d18056 |
||
| 003 | AR-CdUCM | ||
| 008 | 190511b ||||| |||| 00| 0 spa d | ||
| 020 | _a84-281-0469-7 | ||
| 040 |
_aMUNICIPALIDAD PROVINCIAL DEL CUSCO _cBIBLIOTECA MUNICIPAL DEL CUSCO |
||
| 082 |
_a629.132 / _bV61 |
||
| 100 |
_aViaut, André _938412 |
||
| 245 | _aLa meteorología / | ||
| 260 |
_aBarcelona : _bOikos-Tau, _c1981. |
||
| 300 |
_a157 paginas ; _c18 cm. |
||
| 440 |
_aNueva serie colección _n137 _938413 |
||
| 505 | _aContenido: La meteorologia -- La atmosfera -- Nubes, Hidrometeoros, sistemas nubosos -- Masas de aire -- Circulación general de la atmosfera... | ||
| 650 |
_aAtmosfera _926110 |
||
| 650 |
_aMeteorologia _921381 |
||
| 700 |
_aCasado, Carlos _938414 |
||
| 942 |
_2ddc _cLIBROS |
||
| 945 |
_apjha _d2019-05-11 |
||